[Event "TCh-TUR 2nd League 2011"]
[Site "Konya TUR"]
[Date "2011.07.07"]
[Round "5"]
[White "Topel, Zehra"]
[Black "Cakmak, Sarven"]
[Result "0-1"]
[WhiteTitle "WIM"]
[WhiteElo "2231"]
[BlackElo "1976"]
[WhiteTeam "Beyaz Kale Hatay"]
[BlackTeam "Sisli Istanbul"]
[WhiteFideId "6302661"]
[BlackFideId "6307353"]
[EventDate "2011.07.04"]

1. d4 d5 2. c4 c6 3. Nc3 Nf6 4. Nf3 dxc4 5. e3 b5 6. a4 b4 7. Na2 e6 8. Bxc4
Nbd7 9. a5 Qxa5 10. O-O Qb6 11. Qb3 c5 12. Bd2 a5 13. Qa4 Rb8 14. Ne5 Bd6 15.
Nc6 Ra8 16. dxc5 Nxc5 17. Qb5 Qxb5 18. Bxb5 Ba6 19. Nd4+ Bxb5 20. Nxb5 Rd8 21.
Nc1 Bxh2+ 22. Kxh2 Rxd2 23. Nc7+ Kd7 24. Rxa5 Kxc7 25. Rxc5+ Kb6 26. Rc4 Rxb2
27. Nd3 Rb3 28. Rd4 Nd5 29. e4 Nf6 30. Rc1 Ng4+ 31. Kg1 Nf6 32. Rd6+ Ka7 33.
Rc7+ Kb8 34. Rxf7 Nxe4 35. Rb6+ Kc8 36. Ra6 Kb8 37. Ne5 Ra3 0-1

[Event "TCh-TUR 2nd League 2011"]
[Site "Konya TUR"]
[Date "2011.07.07"]
[Round "5"]
[White "Kayabolen, Alisan"]
[Black "Zeydan, Salih"]
[Result "0-1"]
[WhiteElo "1920"]
[BlackElo "1926"]
[WhiteTeam "Beyaz Kale Hatay"]
[BlackTeam "Sisli Istanbul"]
[WhiteFideId "6315216"]
[BlackFideId "6361722"]
[EventDate "2011.07.04"]

1. e4 c5 2. Nf3 e6 3. c3 Nf6 4. e5 Nd5 5. g3 d6 6. exd6 Bxd6 7. Bg2 O-O 8. O-O
Nc6 9. d4 Qc7 10. Na3 a6 11. Nc4 Be7 12. dxc5 Bxc5 13. a4 Rd8 14. Qe2 b6 15.
Nfe5 Nxe5 16. Qxe5 Ra7 17. Qxc7 Rxc7 18. Bxd5 exd5 19. Bf4 Bxf2+ 20. Rxf2 Rxc4
21. Be5 Re8 22. Bd4 Rc6 23. Rd2 Bf5 24. Bf2 Be4 25. Re1 f5 26. Be3 h6 27. h4 Kf7
28. Rf1 Kg6 29. Kf2 Kh5 30. Rg1 g5 31. hxg5 hxg5 32. g4+ fxg4 33. Kg3 Bf3 34.
Rh2+ Kg6 35. Bd4 Rce6 36. Rf2 Kf5 37. b4 Rh6 38. Rxf3+ gxf3 39. Kxf3 b5 40. axb5
axb5 41. Rg3 Rh2 42. Be3 g4+ 43. Rxg4 Rxe3+ 44. Kxe3 Kxg4 45. Kd4 Rd2+ 46. Kc5
Rd3 47. Kxb5 Rxc3 48. Ka4 d4 0-1

[Event "TCh-TUR 2nd League 2011"]
[Site "Konya TUR"]
[Date "2011.07.07"]
[Round "5"]
[White "Caglar, Ahmet Ata"]
[Black "Buyukasik, Diyap"]
[Result "1/2-1/2"]
[WhiteElo "1673"]
[BlackElo "1994"]
[WhiteTeam "Sisli Istanbul"]
[BlackTeam "Beyaz Kale Hatay"]
[WhiteFideId "6328636"]
[BlackFideId "6319602"]
[EventDate "2011.07.04"]

1. d4 Nf6 2. c4 g6 3. Nc3 d5 4. Nf3 Bg7 5. Bg5 Ne4 6. Bh4 Nxc3 7. bxc3 c5 8. e3
Nc6 9. Be2 O-O 10. O-O dxc4 11. Bxc4 Bf5 12. Re1 Rc8 13. Rc1 Na5 14. Bf1 Qd7 15.
Qd2 e5 16. Bg3 Rfe8 17. h3 exd4 18. cxd4 b6 19. dxc5 Qxd2 20. Nxd2 Rxc5 21. Rxc5
bxc5 22. Rc1 Bf8 23. Nc4 Nxc4 24. Bxc4 Be6 25. Bxe6 Rxe6 26. Rc4 Ra6 27. a4 f5
28. Kf1 Kf7 29. Ke2 Ke6 30. Kd3 Rb6 31. e4 Bd6 32. exf5+ gxf5 33. Bxd6 Kxd6 34.
Rh4 Rb3+ 35. Kc2 Rb7 36. Kc3 Rg7 37. g3 Re7 38. Rh6+ Kd5 39. Rh5 Ke4 40. Kc4 Rc7
41. Rh4+ Ke5 42. Rh5 Ke4 43. Rh4+ Ke5 44. Rh5 Ke4 1/2-1/2

[Event "TCh-TUR 2nd League 2011"]
[Site "Konya TUR"]
[Date "2011.07.07"]
[Round "5"]
[White "Kovchan, Alexander"]
[Black "Drenchev, Petar"]
[Result "1-0"]
[WhiteTitle "GM"]
[BlackTitle "GM"]
[WhiteElo "2554"]
[BlackElo "2523"]
[WhiteTeam "Moda Istanbul"]
[BlackTeam "Dobruca Istanbul"]
[WhiteFideId "14103052"]
[BlackFideId "2903261"]
[EventDate "2011.07.04"]

1. e4 c5 2. Nf3 d6 3. d4 cxd4 4. Nxd4 Nf6 5. Nc3 a6 6. Be2 e5 7. Nb3 Be7 8. Bg5
Nbd7 9. a4 b6 10. Bc4 Bb7 11. Qd3 O-O 12. O-O Qc7 13. Rfd1 Rfc8 14. Bxf6 Nxf6
15. Nd2 Qc5 16. Bb3 Qd4 17. Qe2 Qb4 18. Nc4 b5 19. Nb6 1-0

[Event "TCh-TUR 2nd League 2011"]
[Site "Konya TUR"]
[Date "2011.07.07"]
[Round "5"]
[White "Khurtsilava, Inga"]
[Black "Socko, Monika"]
[Result "1/2-1/2"]
[WhiteTitle "WIM"]
[BlackTitle "GM"]
[WhiteElo "2289"]
[BlackElo "2490"]
[WhiteTeam "Dobruca Istanbul"]
[BlackTeam "Moda Istanbul"]
[WhiteFideId "13600419"]
[BlackFideId "1106619"]
[EventDate "2011.07.04"]

1. d4 Nf6 2. Nf3 e6 3. e3 d5 4. Bd3 c5 5. b3 Nc6 6. O-O Bd6 7. Bb2 O-O 8. a3 Qe7
9. Ne5 Nd7 10. f4 f5 11. Nd2 Ndxe5 12. dxe5 Bc7 13. c4 Bd7 14. g4 dxc4 15. Nxc4
Rad8 16. Qc2 b5 17. Nd6 Bxd6 18. exd6 Qxd6 19. gxf5 exf5 20. Bxb5 Kh8 21. Qg2
Qe7 22. Bxc6 Bxc6 23. Qxc6 Rd2 24. Bc1 Rc2 25. Rf2 Rxf2 26. Kxf2 Qh4+ 27. Kf1
Rd8 28. Bb2 Qh3+ 29. Kg1 Qxe3+ 30. Kh1 Qe2 31. Bxg7+ Kxg7 32. Rg1+ Kf7 33. Qc7+
Ke6 34. Qc6+ Kf7 35. Qc7+ Ke6 36. Qc6+ 1/2-1/2

[Event "TCh-TUR 2nd League 2011"]
[Site "Konya TUR"]
[Date "2011.07.07"]
[Round "5"]
[White "Arman, Deniz"]
[Black "Ozgur, Sercin"]
[Result "1-0"]
[WhiteTitle "FM"]
[WhiteElo "2310"]
[BlackElo "2190"]
[WhiteTeam "Moda Istanbul"]
[BlackTeam "Dobruca Istanbul"]
[WhiteFideId "6302106"]
[BlackFideId "6300480"]
[EventDate "2011.07.04"]

1. e4 d6 2. d4 Nf6 3. Nc3 g6 4. f4 Bg4 5. Qd3 c6 6. h3 Bd7 7. g4 Na6 8. Nf3 Qa5
9. Bg2 h5 10. g5 Nh7 11. O-O Bg7 12. Be3 O-O-O 13. a3 Nc7 14. b4 Qa6 15. Qd2 d5
16. Rfb1 b6 17. b5 Qb7 18. a4 dxe4 19. Ne5 Bxe5 20. fxe5 f5 21. exf6 exf6 22.
Nxe4 Ne8 23. a5 f5 24. axb6 axb6 25. Nc5 bxc5 26. bxc6 Bxc6 27. Rxb7 Bxb7 28.
Bxb7+ Kxb7 29. Qg2+ 1-0

[Event "TCh-TUR 2nd League 2011"]
[Site "Konya TUR"]
[Date "2011.07.07"]
[Round "5"]
[White "Savas, Levent"]
[Black "Erden, Kadir"]
[Result "1/2-1/2"]
[WhiteElo "2123"]
[BlackElo "2240"]
[WhiteTeam "Dobruca Istanbul"]
[BlackTeam "Moda Istanbul"]
[WhiteFideId "6300456"]
[BlackFideId "6305776"]
[EventDate "2011.07.04"]

1. e4 d5 2. exd5 Nf6 3. d4 Nxd5 4. c4 Nb6 5. Nc3 g6 6. h3 Bg7 7. Nf3 O-O 8. Be2
Nc6 9. Be3 e5 10. d5 Ne7 11. O-O Nf5 12. Bc5 Re8 13. Ne4 Nd7 14. Bb4 a5 15. Ba3
Nf6 16. Qc2 Nxe4 17. Qxe4 Nd6 18. Qe3 Nf5 19. Qe4 Nd6 20. Qe3 Nf5 1/2-1/2

[Event "TCh-TUR 2nd League 2011"]
[Site "Konya TUR"]
[Date "2011.07.07"]
[Round "5"]
[White "Tahaoglu, Ugur Barkin"]
[Black "Kumkumoglu, Mehmet Baris"]
[Result "1-0"]
[WhiteElo "1857"]
[BlackElo "2110"]
[WhiteTeam "Dobruca Istanbul"]
[BlackTeam "Moda Istanbul"]
[WhiteFideId "6303331"]
[BlackFideId "6350852"]
[EventDate "2011.07.04"]

1. d4 d5 2. c4 e6 3. Nc3 Nf6 4. cxd5 exd5 5. Bg5 c6 6. e3 Be7 7. Qc2 h6 8. Bf4
Be6 9. Bd3 Nbd7 10. Nf3 Qb6 11. h3 Rc8 12. O-O O-O 13. Rfd1 c5 14. Bf5 c4 15. g4
Bxf5 16. gxf5 Bb4 17. Ne5 Rfd8 18. Kh1 Bxc3 19. bxc3 Nh5 20. Bh2 Qf6 21. Nf3 Qe7
22. Be5 Nhf6 23. Rg1 Ne8 24. Rg2 f6 25. Bf4 Kh7 26. Rag1 Nf8 27. Nh4 Rd7 28. Qe2
Qf7 29. Ng6 Nd6 30. Qh5 Ne4 31. Nxf8+ Rxf8 32. Rg6 Ng5 33. h4 Kg8 34. hxg5 fxg5
35. f6 Qe8 36. Be5 Qe6 37. fxg7 1-0

[Event "TCh-TUR 2nd League 2011"]
[Site "Konya TUR"]
[Date "2011.07.07"]
[Round "5"]
[White "Yaran, Siar"]
[Black "Uysal, Burak"]
[Result "1-0"]
[WhiteElo "1746"]
[BlackElo "1805"]
[WhiteTeam "Moda Istanbul"]
[BlackTeam "Dobruca Istanbul"]
[WhiteFideId "6323006"]
[BlackFideId "6339387"]
[EventDate "2011.07.04"]

1. e4 c5 2. Nf3 d6 3. c3 Nf6 4. Be2 Nbd7 5. d3 b6 6. O-O Bb7 7. h3 e6 8. Be3 Be7
9. Nbd2 O-O 10. Rc1 Rc8 11. Qc2 a6 12. Qb1 Qc7 13. d4 Qb8 14. Bd3 h6 15. c4 Rfe8
16. d5 exd5 17. exd5 Bf8 18. Nh4 b5 19. b3 Rc7 20. Nf5 Bc8 21. Qc2 Ne5 22. Be2
Bxf5 23. Qxf5 Rce7 24. Nf3 Qc8 25. Qc2 Nxf3+ 26. Bxf3 Rb7 27. Qc3 Qf5 28. Qa5
Ra8 29. Rfe1 g5 30. Bd1 Qd7 31. Qd2 Bg7 32. h4 Ng4 33. hxg5 hxg5 34. Bxg5 f6 35.
Bf4 Ne5 36. Rc3 Kf7 37. Bh5+ Ke7 38. Rg3 Rg8 39. Bxe5 dxe5 40. Rg6 Kf8 41. d6
Rb6 42. Rd1 Rh8 43. Bg4 f5 44. Bxf5 Qxf5 45. d7 Rb8 46. Qd6+ Kf7 47. Rg3 Bf6 48.
Rf3 Qe6 49. Qc7 Rbd8 50. Rd6 Qe7 51. Rdxf6+ Qxf6 52. Rxf6+ Kxf6 53. Qd6+ Kf5 54.
g4+ Kxg4 55. Qxe5 Rdg8 56. Kf1 bxc4 57. Qe6+ Kf3 58. Qf5# 1-0

[Event "TCh-TUR 2nd League 2011"]
[Site "Konya TUR"]
[Date "2011.07.07"]
[Round "5"]
[White "Gundogan, Ecem"]
[Black "Dogan, Sevval"]
[Result "0-1"]
[WhiteElo "1514"]
[BlackElo "1667"]
[WhiteTeam "Dobruca Istanbul"]
[BlackTeam "Moda Istanbul"]
[WhiteFideId "6327079"]
[BlackFideId "6322565"]
[EventDate "2011.07.04"]

1. e4 c5 2. c3 d5 3. exd5 Qxd5 4. Nf3 Nc6 5. d4 cxd4 6. Nxd4 Nxd4 7. Qxd4 Qxd4
8. cxd4 a6 9. Bd3 Nf6 10. Nc3 e6 11. Bf4 Bd7 12. a3 Bc6 13. f3 Rd8 14. Ne2 Nd5
15. Bg3 Be7 16. O-O Ne3 17. Rfe1 Bf6 18. Bc7 Rd7 19. Bb6 Nd5 20. Ba5 O-O 21. Be4
Ne7 22. Bc3 Bb5 23. Rad1 Rfd8 24. Ba5 Rc8 25. Bc3 Bxe2 26. Rxe2 Nd5 27. Bxd5
Rxd5 28. f4 Rc4 29. Re4 Be7 30. Re5 Rxe5 31. fxe5 Bxa3 32. Rd2 Bb4 33. Bxb4 Rxb4
34. Kf1 b5 35. Ke2 Rb3 36. Rc2 h6 37. Kd2 Kh7 38. Kc1 Kg6 39. Rc3 Rxc3+ 40. bxc3
Kf5 41. Kb2 Ke4 42. Kc2 Ke3 43. h3 a5 44. Kb3 Kd3 0-1

[Event "TCh-TUR 2nd League 2011"]
[Site "Konya TUR"]
[Date "2011.07.08"]
[Round "6"]
[White "Ozkan, Ervin"]
[Black "Metin, Mehmet"]
[Result "1/2-1/2"]
[WhiteElo "2219"]
[BlackElo "2166"]
[WhiteTeam "Ceyhan Belediye Adana"]
[BlackTeam "Azdur Ordu"]
[WhiteFideId "6306004"]
[BlackFideId "6303730"]
[EventDate "2011.07.04"]

1. d4 d5 2. Bf4 Nf6 3. e3 c5 4. c3 Nc6 5. Nd2 Qb6 6. Qb3 c4 7. Qc2 g6 8. Be2 Bf5
9. Qc1 Bg7 10. h3 O-O 11. Ngf3 Qd8 12. b3 b5 13. a4 a6 14. Qb2 Qd7 15. O-O Ne4
16. Nxe4 Bxe4 17. Rfd1 Na5 18. Nd2 Bf5 19. Ra2 Ra7 20. axb5 axb5 21. Rda1 Rfa8
22. bxc4 bxc4 23. e4 dxe4 24. Nxc4 Nc6 25. Rxa7 Rxa7 26. Rxa7 Qxa7 27. Qb5 Bd7
28. Qb2 h6 29. Be3 Qb8 30. Qd2 g5 31. d5 Ne5 32. Bd4 f5 33. Nxe5 Bxe5 34. Bxe5
Qxe5 35. c4 f4 36. c5 e3 37. fxe3 fxe3 38. Qa2 Kg7 39. Qc4 Bxh3 40. gxh3 1/2-1/2

[Event "TCh-TUR 2nd League 2011"]
[Site "Konya TUR"]
[Date "2011.07.08"]
[Round "6"]
[White "Guner, Sati Emre"]
[Black "Ertan, Can"]
[Result "0-1"]
[WhiteElo "2105"]
[BlackElo "2201"]
[WhiteTeam "Azdur Ordu"]
[BlackTeam "Ceyhan Belediye Adana"]
[WhiteFideId "6304192"]
[BlackFideId "6306330"]
[EventDate "2011.07.04"]

1. e4 e5 2. Nc3 Nf6 3. Bc4 Nc6 4. d3 Na5 5. Nge2 Bc5 6. O-O O-O 7. a3 Nxc4 8.
dxc4 a5 9. Qd3 d6 10. Kh1 Ng4 11. Qg3 f5 12. f4 fxe4 13. Nxe4 Ba7 14. Bd2 Bf5
15. N2c3 Qe8 16. h3 Bxe4 17. Qxg4 Bxc2 18. Nd5 Bf5 19. Qg3 Qd7 20. fxe5 dxe5 21.
Bg5 Rae8 22. Rad1 Qf7 23. Be7 Qe6 24. Bxf8 Rxf8 25. Nxc7 Qxc4 26. Nd5 Bc5 27.
Qxe5 Qe4 28. Rxf5 Qxf5 29. Ne7+ Bxe7 30. Qxe7 b5 31. Qb7 a4 32. Qd5+ Rf7 33. Qc6
h6 34. Qd5 Kh7 35. Qxf5+ Rxf5 36. Rd2 Kg6 37. Kg1 Kf6 38. Rf2 Ke5 39. Rxf5+ Kxf5
40. Kf2 Kf4 41. g3+ Ke4 42. Ke2 g6 43. g4 Kf4 44. Kf2 g5 45. Kg2 Ke5 0-1

[Event "TCh-TUR 2nd League 2011"]
[Site "Konya TUR"]
[Date "2011.07.08"]
[Round "6"]
[White "Borekcioglu, Zeynep Dilara"]
[Black "Tsereteli, Tamar"]
[Result "0-1"]
[BlackTitle "WGM"]
[WhiteElo "1708"]
[BlackElo "2379"]
[WhiteTeam "Ceyhan Belediye Adana"]
[BlackTeam "Azdur Ordu"]
[WhiteFideId "6312233"]
[BlackFideId "13602470"]
[EventDate "2011.07.04"]

1. e4 d6 2. Nc3 g6 3. f4 Bg7 4. Nf3 e5 5. d3 Nc6 6. g3 Nge7 7. Bg2 Nd4 8. Be3
Bg4 9. h3 Bxf3 10. Bxf3 exf4 11. Bxf4 Nxf3+ 12. Qxf3 Qd7 13. Bd2 b5 14. O-O O-O
15. Kh2 Nc6 16. Nd5 f5 17. c3 Ne5 18. Qe2 c6 19. Nf4 fxe4 20. Qxe4 Rae8 21. Qg2
Re7 22. d4 Nc4 23. b3 Nxd2 24. Qxd2 Bh6 25. Qd3 Bxf4 26. Rxf4 Rxf4 27. gxf4 Qe8
28. d5 Re3 29. Qd4 c5 30. Qd1 Re2+ 31. Qxe2 Qxe2+ 32. Kg1 Qe3+ 33. Kf1 Qxc3 34.
Re1 Qf3+ 35. Kg1 Qg3+ 36. Kf1 Qxf4+ 37. Kg1 Qg3+ 0-1

[Event "TCh-TUR 2nd League 2011"]
[Site "Konya TUR"]
[Date "2011.07.08"]
[Round "6"]
[White "Annaberdiev, Meilis"]
[Black "Safarli, Eltaj"]
[Result "1/2-1/2"]
[WhiteTitle "IM"]
[BlackTitle "GM"]
[WhiteElo "2459"]
[BlackElo "2622"]
[WhiteTeam "Akdeniz Belediyesi Mersin"]
[BlackTeam "Antalya Calli Antalya"]
[WhiteFideId "14000563"]
[BlackFideId "13402129"]
[EventDate "2011.07.04"]

1. c4 c5 2. Nf3 Nf6 3. g3 e6 4. Bg2 Nc6 5. Nc3 d5 6. cxd5 Nxd5 7. O-O Be7 8. d4
O-O 9. Nxd5 exd5 10. dxc5 Bxc5 11. Bg5 Qd7 12. Ne1 Re8 13. Nd3 Bb6 14. Bd2 Qd6
15. Nf4 Bg4 16. h3 Bf5 17. Nxd5 Bxh3 18. Bxh3 Qxd5 19. e3 Ba5 20. Bxa5 Qxa5 21.
Qb3 Re7 22. Rfd1 Ne5 23. Rac1 g6 24. Qd5 Qxd5 25. Rxd5 Rae8 26. Bg2 h5 27. Kf1
b6 28. Ke2 Kg7 29. Rc3 Ng4 30. Rd4 Nf6 31. Rc6 Re6 32. Rc7 R8e7 33. Rc8 Re8 34.
Rc3 R8e7 35. Rc8 Re8 36. Rc3 R8e7 37. Rc8 Re5 38. Rc6 Ng4 39. Rc3 Nh6 40. Bh3
Nf5 41. Bxf5 Rxf5 42. Rdc4 g5 43. Rc2 Rb5 44. Rd4 Kg6 45. b3 Rf5 46. Rc8 Ra5 47.
a4 f6 48. Rc6 Rc5 49. Rxc5 bxc5 50. Rc4 1/2-1/2

[Event "TCh-TUR 2nd League 2011"]
[Site "Konya TUR"]
[Date "2011.07.08"]
[Round "6"]
[White "Dogan, Nazmi Can"]
[Black "Gucin, Zafer"]
[Result "1/2-1/2"]
[WhiteElo "2093"]
[BlackElo "2155"]
[WhiteTeam "Akdeniz Belediyesi Mersin"]
[BlackTeam "Antalya Calli Antalya"]
[WhiteFideId "6309658"]
[BlackFideId "6304494"]
[EventDate "2011.07.04"]

1. c4 c5 2. g3 Nc6 3. Bg2 g6 4. Nc3 Bg7 5. e3 d6 6. Nge2 e5 7. d3 Nge7 8. a3 O-O
9. Rb1 a5 10. O-O Be6 11. Nd5 Bxd5 12. cxd5 Nb8 13. b3 b5 14. Qd2 Nd7 15. d4 Qb6
16. Bb2 Rac8 17. dxe5 Bxe5 18. h4 b4 19. axb4 Qxb4 20. Bc3 Bxc3 21. Nxc3 c4 22.
bxc4 Qxc4 23. Rfc1 Nc5 24. Nb5 Nb3 25. Rxc4 Nxd2 26. Rxc8 Rxc8 27. Ra1 Nc4 28.
Bf1 Nxd5 29. Bxc4 Rxc4 30. Nxd6 Rc6 31. Nb7 Ra6 32. Rxa5 Rxa5 33. Nxa5 f5 34.
Kf1 Kf7 35. Ke2 Ke6 36. f3 h6 37. e4 Nf6 38. Ke3 g5 39. Nb3 fxe4 40. Nc5+ Ke5
41. fxe4 Ng4+ 42. Kf3 Nh2+ 43. Ke3 Ng4+ 44. Kf3 Nh2+ 45. Kg2 Ng4 46. hxg5 hxg5
47. Kf3 Nh2+ 48. Kg2 Ng4 49. Kf3 Nh2+ 50. Ke2 Ng4 51. Kd2 Kd4 52. Ne6+ Kxe4 53.
Nxg5+ Kf5 54. Nh3 Nh2 55. Nf2 Nf1+ 1/2-1/2

[Event "TCh-TUR 2nd League 2011"]
[Site "Konya TUR"]
[Date "2011.07.08"]
[Round "6"]
[White "Tunur, Mustafa Namik"]
[Black "Gurel, Ahmet Unal"]
[Result "0-1"]
[WhiteElo "2084"]
[BlackElo "2019"]
[WhiteTeam "Antalya Calli Antalya"]
[BlackTeam "Akdeniz Belediyesi Mersin"]
[WhiteFideId "6301835"]
[BlackFideId "6307400"]
[EventDate "2011.07.04"]

1. d4 d5 2. c4 e6 3. Nc3 Nf6 4. Nf3 c6 5. Bg5 Nbd7 6. e3 Bb4 7. Qc2 Qa5 8. Bxf6
Nxf6 9. Nd2 O-O 10. Bd3 Re8 11. f4 Ng4 12. Bxh7+ Kh8 13. Ke2 c5 14. Nb3 Qd8 15.
Bd3 Nxe3 16. Kxe3 cxd4+ 17. Nxd4 e5 18. Nxd5 Bc5 19. Kd2 Bxd4 20. Rae1 Be6 21.
Be4 Rc8 22. Rhf1 b5 23. b3 bxc4 24. bxc4 Qa5+ 25. Kd3 Red8 26. fxe5 Bxd5 27.
Bxd5 Rxd5 28. cxd5 Rxc2 29. Kxc2 Qc3+ 30. Kd1 Qd3+ 31. Kc1 Bc5 0-1

[Event "TCh-TUR 2nd League 2011"]
[Site "Konya TUR"]
[Date "2011.07.08"]
[Round "6"]
[White "Kaya, Emel"]
[Black "Yildiz, Betul Cemre"]
[Result "0-1"]
[WhiteTitle "WCM"]
[BlackTitle "WIM"]
[WhiteElo "2024"]
[BlackElo "2282"]
[WhiteTeam "Akdeniz Belediyesi Mersin"]
[BlackTeam "Antalya Calli Antalya"]
[WhiteFideId "6306411"]
[BlackFideId "6302920"]
[EventDate "2011.07.04"]

1. e4 e5 2. Nf3 Nc6 3. Bc4 Nf6 4. Ng5 d5 5. exd5 Na5 6. Bb5+ c6 7. dxc6 bxc6 8.
Qf3 Qc7 9. Bd3 h6 10. Ne4 Nd5 11. Nbc3 Nf4 12. Ng3 g6 13. b3 Be6 14. Nb5 Qb6 15.
Na3 Bg7 16. Rb1 Rd8 17. O-O f5 18. b4 Nb7 19. Bc4 Nd6 20. d3 Nd5 21. b5 O-O 22.
Be3 Qa5 23. Bc5 Rfe8 24. Qe2 Nxc4 25. dxc4 Nc3 26. Qe1 e4 27. Bb4 Qa4 28. Rb3
Nxa2 29. Ba5 Rc8 30. Ne2 cxb5 31. Nxb5 Bxc4 32. Nd6 Bxb3 33. cxb3 Qxb3 34. Nxe8
Rxe8 35. Nf4 Kh7 36. Qe2 g5 37. Nh5 Bd4 0-1

[Event "TCh-TUR 2nd League 2011"]
[Site "Konya TUR"]
[Date "2011.07.08"]
[Round "6"]
[White "Firat, Burak"]
[Black "Okay, Arda Efe"]
[Result "1-0"]
[WhiteTitle "IM"]
[WhiteElo "2373"]
[BlackElo "1948"]
[WhiteTeam "Antalya Calli Antalya"]
[BlackTeam "Akdeniz Belediyesi Mersin"]
[WhiteFideId "6305881"]
[BlackFideId "6310109"]
[EventDate "2011.07.04"]

1. e4 c6 2. d4 d5 3. Nc3 dxe4 4. Nxe4 Nd7 5. Bd3 Ngf6 6. Ng5 e6 7. N1f3 Bd6 8.
Qe2 h6 9. Ne4 Nxe4 10. Qxe4 Qc7 11. Qg4 Kf8 12. O-O c5 13. Qh4 b6 14. Re1 Bb7
15. Be4 Bxe4 16. Qxe4 Rc8 17. dxc5 Qxc5 18. Be3 Qc6 19. Qxc6 Rxc6 20. Rad1 e5
21. Rd5 Nf6 22. Nxe5 Bxe5 23. Rxe5 Rxc2 24. Bd4 g6 25. Bc3 Kg7 26. Re7 b5 27.
Rb7 a6 28. g3 Rc8 29. Rbe7 Rf8 30. Rc7 Rxc3 31. Rxc3 Ne4 32. Rc7 Nd6 33. Ra7 Nc4
34. b3 Nb6 35. Rxa6 1-0

[Event "TCh-TUR 2nd League 2011"]
[Site "Konya TUR"]
[Date "2011.07.08"]
[Round "6"]
[White "Okay, Ilkin Ege"]
[Black "Caliskan, Kerem"]
[Result "1-0"]
[WhiteElo "1977"]
[BlackElo "1752"]
[WhiteTeam "Akdeniz Belediyesi Mersin"]
[BlackTeam "Antalya Calli Antalya"]
[WhiteFideId "6310117"]
[BlackFideId "6310699"]
[EventDate "2011.07.04"]

1. e4 c5 2. Nf3 d6 3. d4 cxd4 4. Nxd4 Nf6 5. Nc3 g6 6. Be3 Bg7 7. f3 O-O 8. Bc4
Nc6 9. Qd2 Bd7 10. O-O-O Ne5 11. Bb3 Qa5 12. h4 Rfc8 13. Kb1 Nc4 14. Bxc4 Rxc4
15. Nb3 Qc7 16. Bd4 Be6 17. g4 Rc8 18. h5 b5 19. Rh2 a5 20. hxg6 fxg6 21. g5 Nh5
22. Bxg7 Kxg7 23. Nxb5 Qb8 24. N5d4 Bf7 25. Nxa5 Ra4 26. b3 Rc5 27. Ndc6 Qb6 28.
Ka1 Ra3 29. c4 Be8 30. Qb2+ 1-0

[Event "TCh-TUR 2nd League 2011"]
[Site "Konya TUR"]
[Date "2011.07.08"]
[Round "6"]
[White "Durmaz, Ayca Fatma"]
[Black "Temel, Burcu Melis"]
[Result "1-0"]
[WhiteElo "1825"]
[BlackElo "1595"]
[WhiteTeam "Antalya Calli Antalya"]
[BlackTeam "Akdeniz Belediyesi Mersin"]
[WhiteFideId "6317855"]
[BlackFideId "6345492"]
[EventDate "2011.07.04"]

1. c4 e5 2. g3 Nf6 3. Bg2 d5 4. cxd5 Nxd5 5. Nc3 Nb6 6. Nf3 Nc6 7. O-O Be7 8.
Rb1 g5 9. d3 g4 10. Ne1 h5 11. Nc2 h4 12. Be3 hxg3 13. fxg3 Bg5 14. Qe1 Nd4 15.
Qf2 Bxe3 16. Nxe3 f5 17. Nxg4 Qe7 18. Ne3 c6 19. Rfc1 Be6 20. Nf1 Qd7 21. e3 Nb5
22. Nxb5 cxb5 23. b3 Rd8 24. Qb2 Qg7 25. Rc5 Nd7 26. Rxb5 b6 27. Bc6 Rh6 28.
Rxe5 Qf7 29. Qa3 Qe7 30. Qxe7+ Kxe7 31. Bxd7 Rxd7 32. d4 Kf6 33. Rc1 Rh8 34. Rc6
Re8 35. Nd2 Kf7 36. Nf3 Bd5 37. Rxf5+ Kg7 38. Rc3 Be4 39. Rf4 Bg6 40. Ne5 Rde7
41. Rg4 Re6 42. h4 Kh6 43. Rxg6+ Rxg6 44. Nxg6 Kxg6 45. Kg2 Kf5 1-0

[Event "TCh-TUR 2nd League 2011"]
[Site "Konya TUR"]
[Date "2011.07.08"]
[Round "6"]
[White "Zhigalko, Sergei"]
[Black "Kovchan, Alexander"]
[Result "1-0"]
[WhiteTitle "GM"]
[BlackTitle "GM"]
[WhiteElo "2689"]
[BlackElo "2554"]
[WhiteTeam "Kahramanmaras Belediye"]
[BlackTeam "Moda Istanbul"]
[WhiteFideId "13502956"]
[BlackFideId "14103052"]
[EventDate "2011.07.04"]

1. e4 c6 2. d4 d5 3. e5 c5 4. Nf3 cxd4 5. Qxd4 Nc6 6. Qf4 h6 7. h4 g5 8. hxg5
hxg5 9. Nxg5 Rxh1 10. Qxf7+ Kd7 11. e6+ Kc7 12. Bf4+ Kb6 13. Qxg8 Bh6 14. Qg6
Bxg5 15. Qxg5 Bxe6 16. Nc3 a6 17. Qg3 Ka7 18. Bc7 Qxc7 19. Qxc7 d4 20. Na4 Rc8
21. Qb6+ Ka8 22. Nc5 1-0

[Event "TCh-TUR 2nd League 2011"]
[Site "Konya TUR"]
[Date "2011.07.08"]
[Round "6"]
[White "Socko, Monika"]
[Black "Isik, Engin Yasar"]
[Result "1-0"]
[WhiteTitle "GM"]
[WhiteElo "2490"]
[BlackElo "2215"]
[WhiteTeam "Moda Istanbul"]
[BlackTeam "Kahramanmaras Belediye"]
[WhiteFideId "1106619"]
[BlackFideId "6301886"]
[EventDate "2011.07.04"]

1. d4 Nf6 2. c4 g6 3. Nc3 Bg7 4. e4 d6 5. Nf3 O-O 6. Be2 e5 7. Be3 exd4 8. Nxd4
Re8 9. f3 c6 10. Bf2 d5 11. exd5 cxd5 12. O-O Nbd7 13. Ndb5 Nb6 14. c5 Nc4 15.
Bxc4 dxc4 16. Nd6 Rf8 17. Nxc4 Be6 18. Nd6 b6 19. Rc1 bxc5 20. Bxc5 Nd7 21. Bf2
Nb6 22. Re1 Nc4 23. Nxc4 Bxc4 24. Qa4 Be6 25. Ne4 Bxb2 26. Rcd1 Qc8 27. Bd4
Bxd4+ 28. Qxd4 Rd8 29. Nf6+ Kf8 30. Nxh7+ Kg8 31. Nf6+ Kf8 32. Qb4+ Kg7 33. Ne4
Rxd1 34. Qb2+ Kg8 35. Rxd1 Rb8 36. Qe5 Rb6 37. Qg5 Rb8 38. Qh6 1-0

[Event "TCh-TUR 2nd League 2011"]
[Site "Konya TUR"]
[Date "2011.07.08"]
[Round "6"]
[White "Erden, Kadir"]
[Black "Yalim, Suleyman"]
[Result "1-0"]
[WhiteElo "2240"]
[BlackElo "2129"]
[WhiteTeam "Moda Istanbul"]
[BlackTeam "Kahramanmaras Belediye"]
[WhiteFideId "6305776"]
[BlackFideId "6301665"]
[EventDate "2011.07.04"]

1. e4 c5 2. Nf3 d6 3. d4 cxd4 4. Nxd4 Nf6 5. Nc3 g6 6. Be2 Bg7 7. f4 O-O 8. g4
Nc6 9. Nb3 Be6 10. g5 Nd7 11. Be3 Nb6 12. h4 Nc4 13. Bxc4 Bxc4 14. h5 Qd7 15.
Qf3 Qe6 16. O-O-O Bxb3 17. axb3 a5 18. f5 gxf5 19. exf5 Qe5 20. Rd5 a4 21. bxa4
Qxc3 22. bxc3 Bxc3 23. Rh4 Rfb8 24. Rb5 Be5 25. g6 Bf6 26. gxf7+ Kxf7 27. Rg4
Nd8 28. Qd5+ Ke8 29. Rg8+ Kd7 30. Bb6 1-0